000 01720nam a22004694c 4500
001 198100
003 SpMaBN
005 20260527224715.0
008 260209s2018 sp a | |||| 000 0 spa
015 _aMON18
017 _aB 6910-2018
_bOficina Depósito Legal Barcelona
020 _a9788417059804
035 _a(OCoLC)1055607158
035 _a(SpMaBN)a6441892
040 _aSpMaBN
_bspa
_cSpMaBN
_erda
080 _a323.25/.26(73)
080 _a316.723(73)
100 1 _aRubin, Jerry
_d1938-1994
_4aut
_9242781
240 1 0 _aDo it!
_lEspañol
245 1 0 _a¡Hazlo! :
_bescenarios de la revolución del 68
_cJerry Rubin ; traducción de Pablo Álvarez Ellacuria ; introducción de Eldridge Cleaver
250 _aPrimera edición, mayo de 2018
264 1 _aBarcelona
_bBlackie Books,
_c[2018]
300 _a295 páginas
_bilustraciones (blanco y negro)
_c22 cm
336 _aTexto
_2rdacontent
337 _asin mediación
_2rdamedia
338 _avolumen
_2rdacarrier
500 _aEn el lomo: BB1
500 _aRegistro provisional. A-16071. Depósito 1
500 _aTraducción publicada anteriormente bajo el título: Do it!
600 1 7 _aSheffield, Rob
_2embne
_9242782
650 7 _aResistencia al gobierno
_zEstados Unidos
_2embne
_9242783
650 7 _aHippies
_zEstados Unidos
_2embne
_9242784
852 _aES-MaACL
_cDEPO1
_jA-16071
_hDonación: José Lázaro García
_xEncuadernación cartoné
_zEn proceso
901 _aBC-BNE
901 _aMON1903
942 _2udc
_cMONOGRAFIA
_n0
956 _a2
999 _c198100
_d198100